000 00527nam a22001697a 4500
005 20251108173307.0
008 250721s2005 xx 000 0 ara d
082 1 4 _a796.812/عثم
100 1 _aأبو عثمان، أحمد
245 1 0 _aفن التايكواندو الكورية /
264 1 _aعمان :
_bدار البيت العتيق للنشر والتوزيع،
_c2005.
300 _a112 ص.
650 1 7 _aالعاب المبارزة
653 _aالتايكواندو
942 _2ddc
_cBK
999 _c100577
_d100577